| 000 | 00406nam a2200169Ia 4500 | ||
|---|---|---|---|
| 008 | 231221s9999 xx 000 0 und d | ||
| 020 | _a9790000000000 | ||
| 041 | _aEnglish | ||
| 082 | _a641 VIJ;24 | ||
| 100 | _aVijay Dhawan | ||
| 245 | 0 | _aFood and beverage service | |
| 250 | _a2nd ed. | ||
| 260 |
_c2000 _bFrank Bros & Co. _aNew Delhi |
||
| 300 | _a412 | ||
| 650 | _aFood,beverage | ||
| 942 | _cHM | ||
| 999 |
_c215414 _d215414 |
||